Statistics for Formula One Champions 1950-2023 (Yellow Box)

Click here to take the quiz!

General Stats

  • This quiz has been taken 1,672 times
    (96 since last reset)
  • The average score is 51 of 75

Answer Stats

HintAnswer% Correct
2024Max Verstappen
99%
2023Max Verstappen
99%
2019Lewis Hamilton
97%
2022Max Verstappen
97%
2021Max Verstappen
97%
2020Lewis Hamilton
96%
2018Lewis Hamilton
96%
2017Lewis Hamilton
96%
2015Lewis Hamilton
91%
2014Lewis Hamilton
91%
2013Sebastian Vettel
91%
2012Sebastian Vettel
91%
2011Sebastian Vettel
91%
2016Nico Rosberg
90%
2001Michael Schumacher
88%
2010Sebastian Vettel
88%
2005Fernando Alonso
87%
2004Michael Schumacher
87%
2000Michael Schumacher
87%
2003Michael Schumacher
87%
2002Michael Schumacher
87%
2006Fernando Alonso
86%
2008Lewis Hamilton
86%
2009Jenson Button
84%
2007Kimi Räikkönen
81%
1994Michael Schumacher
78%
1995Michael Schumacher
77%
1993Alain Prost
72%
1999Mika Häkkinen
72%
1998Mika Häkkinen
72%
1989Alain Prost
71%
1991Ayrton Senna
71%
1990Ayrton Senna
71%
1988Ayrton Senna
71%
1996Damon Hill
70%
1997Jacques Villeneuve
70%
1992Nigel Mansell
67%
1986Alain Prost
65%
1987Nelson Piquet
64%
1984Niki Lauda
64%
1983Nelson Piquet
62%
1985Alain Prost
61%
1951Juan Manuel Fangio
57%
1954Juan Manuel Fangio
57%
1955Juan Manuel Fangio
57%
1956Juan Manuel Fangio
57%
1957Juan Manuel Fangio
57%
1980Alan Jones
55%
1952Alberto Ascari
55%
1953Alberto Ascari
55%
1950Giuseppe Farina
55%
1977Niki Lauda
55%
1976James Hunt
54%
1982Keke Rosberg
54%
1975Niki Lauda
54%
1979Jody Scheckter
51%
1981Nelson Piquet
51%
1974Emerson Fittipaldi
49%
1978Mario Andretti
49%
1972Emerson Fittipaldi
46%
1960Jack Brabham
46%
1970Jochen Rindt
46%
1958Mike Hawthorn
46%
1959Jack Brabham
45%
1969Jackie Stewart
45%
1971Jackie Stewart
45%
1973Jackie Stewart
45%
1962Graham Hill
43%
1966Jack Brabham
43%
1961Phil Hill
43%
1967Denny Hulme
42%
1963Jim Clark
42%
1965Jim Clark
42%
1964John Surtees
42%
1968Graham Hill
41%

Score Distribution

Percentile by Number Answered

Percent of People with Each Score

Your Score History

You have not taken this quiz since the last reset